নজরুলের রাজৈনিতক চিন্তা-চেতনা / (Record no. 6059)
[ view plain ]
| 000 -LEADER | |
|---|---|
| fixed length control field | 00710nam a2200229 a 4500 |
| 001 - CONTROL NUMBER | |
| JCCL Control Number | 6059 |
| 003 - CONTROL NUMBER IDENTIFIER | |
| JCCL marc code | BD-JhCC |
| 005 - DATE AND TIME OF LATEST TRANSACTION | |
| control field | 20180101163637.0 |
| 008 - FIXED-LENGTH DATA ELEMENTS--GENERAL INFORMATION | |
| fixed length control field | 180101s1997 bg |||| || | 000 0 ben d |
| 020 ## - INTERNATIONAL STANDARD BOOK NUMBER | |
| International Standard Book Number | 9845561556 |
| 035 ## - SYSTEM CONTROL NUMBER | |
| system control number | (BD-JhCC)6059 |
| 040 ## - CATALOGING SOURCE | |
| Original cataloging agency | BD-JhCC |
| Modifying agency | BD-JhCC |
| 041 ## - LANGUAGE CODE | |
| Language code of Book | ben |
| 082 ## - DEWEY DECIMAL CLASSIFICATION NUMBER | |
| Classification number | 323.4 |
| Author mark and Year | HAS 1997 |
| 100 ## - MAIN ENTRY--PERSONAL NAME | |
| Personal name | হাসান, মাহবুব |
| 245 ## - TITLE STATEMENT | |
| Title | নজরুলের রাজৈনিতক চিন্তা-চেতনা / |
| Statement of responsibility, etc | মাহবুব হাসান, |
| 260 ## - PUBLICATION, DISTRIBUTION, ETC. (IMPRINT) | |
| Place of publication, distribution, etc | ঢাকা : |
| Name of publisher, distributor, etc | নজরুল ইন্সটিটিউট, |
| Date of publication, distribution, etc | 1997. |
| 300 ## - PHYSICAL DESCRIPTION | |
| Pagination | 120 p. : |
| Dimensions | 22 cm. |
| 650 ## - SUBJECT ADDED ENTRY--TOPICAL TERM | |
| Topical term or geographic name as entry element | Politics |
| Form subdivision | Kazi Nazrul |
| 942 ## - ADDED ENTRY ELEMENTS (KOHA) | |
| Source of classification or shelving scheme | Dewey Decimal Classification |
| Koha item type | Books |
| Source of classification or shelving scheme | Damaged status | Not for loan | Home library | Current library | Shelving location | Date of accession | Cost, normal purchase price | Total Checkouts | Full call number | Barcode | Date last seen | Copy number | Koha item type |
|---|---|---|---|---|---|---|---|---|---|---|---|---|---|
| Dewey Decimal Classification | JCC Rouf Library | JCC Rouf Library | General Stacks | 01/01/2018 | 50.00 | 323.4 HAS 1997 | 8464 | 01/01/2018 | C - 1 | Books |